အခြေခံပညာမူလတန်းနှင့် အလယ်တန်းများအတွက်.../ (Record no. 27423)
[ view plain ]
| 000 -LEADER | |
|---|---|
| fixed length control field | 00643nam a22001577a 4500 |
| 005 - DATE AND TIME OF LATEST TRANSACTION | |
| control field | 20260127155345.0 |
| 008 - FIXED-LENGTH DATA ELEMENTS--GENERAL INFORMATION | |
| fixed length control field | 230721b ||||| |||| 00| 0 eng d |
| 040 ## - CATALOGING SOURCE | |
| Transcribing agency | SSBUL |
| Modifying agency | SSBUL |
| 082 ## - DEWEY DECIMAL CLASSIFICATION NUMBER | |
| Edition number | 23 |
| Classification number | ၃၇၀.၉၅၉၁ အ ၁၆၀၀၂ (S-SAT) |
| 245 ## - TITLE STATEMENT | |
| Title | အခြေခံပညာမူလတန်းနှင့် အလယ်တန်းများအတွက်.../ |
| 260 ## - PUBLICATION, DISTRIBUTION, ETC. | |
| Date of publication, distribution, etc. | ၁၉၈၃။ |
| 300 ## - PHYSICAL DESCRIPTION | |
| Extent | ၇၅ စာမျက်နှာ၊ |
| Dimensions | ၂၁ စင်တီ။ |
| 500 ## - GENERAL NOTE | |
| General note | S-SAT: Dr. Prof Sai Aung Tun |
| 650 ## - SUBJECT ADDED ENTRY--TOPICAL TERM | |
| Topical term or geographic name entry element | ပညာရေး |
| Geographic subdivision | မြန်မာနိုင်ငံ။ |
| 9 (RLIN) | 13952 |
| 942 ## - ADDED ENTRY ELEMENTS (KOHA) | |
| Source of classification or shelving scheme | |
| Koha item type | Book (Short term) |
| Withdrawn status | Lost status | Source of classification or shelving scheme | Damaged status | Not for loan | Collection code | Permanent Location | Current Location | Shelving location | Date acquired | Total Checkouts | Full call number | Barcode | Date last seen | Price effective from | Koha item type | Accession |
|---|---|---|---|---|---|---|---|---|---|---|---|---|---|---|---|---|
| Special Collections | Shan State Buddhist University Library | Shan State Buddhist University Library | Reference Shelves | 21/07/2023 | ၃၇၀.၉၅၉၁ အ ၁၆၀၀၂ (S-SAT) | MB00016002 | 21/07/2023 | 21/07/2023 | Book (Short term) | ၁၆၀၀၂ (S-SAT) |